Consenso del Comité de Alto Nivel sobre Política Científica y Tecnológica y Propiedad Industrial
Guardado en:
| Formato: | Texto |
|---|---|
| Etiquetas: |
Agregar Etiqueta
Sin Etiquetas, Sea el primero en etiquetar este registro!
|
MARC
| LEADER | 00000 a a2200000 04500 | ||
|---|---|---|---|
| 001 | 16093 | ||
| 003 | |||
| 040 | |||
| 245 | |a Consenso del Comité de Alto Nivel sobre Política Científica y Tecnológica y Propiedad Industrial | ||
| 773 | |g número 13; páginas 95-96 | ||
| 999 | |c 32707 |d 32707 | ||
